| 000 | 00759nam a2200229 a 4500 | ||
|---|---|---|---|
| 001 | 2072 | ||
| 003 | CDMR | ||
| 005 | 20131204131627.0 | ||
| 008 | 130130s1979||||||||||||||||||||||||||||d | ||
| 020 | _a8425505240 | ||
| 040 |
_aCDMR _bcat _cCDMR |
||
| 100 | 1 |
_aKatz, Elihu _91540 |
|
| 245 | 1 | 3 |
_aLa influencia personal _b: el individuo en el proceso de comunicación de masas _cpor Elihu Katz y Paul F. Lazarsfeld |
| 260 |
_aBarcelona _c1979 _bHispano Europea |
||
| 300 | _aXXII, 446 p. | ||
| 490 | 0 | _aBiblioteca de Ciencias Sociales | |
| 650 | 0 | 4 |
_92367 _aComunicació _xAspectes psicològics |
| 650 | 0 | 4 |
_94446 _aPersuasió (Psicologia) |
| 650 | 0 | 4 |
_93542 _aMitjans de comunicació de massa _xInfluència |
| 700 | 1 |
_93881 _aLazarsfeld, Paul F. |
|
| 942 |
_cMON _2udc |
||
| 999 |
_c2072 _d2072 |
||